01419naa a22003377a 4500001001000000003000900010005001700019007000300036008003400039040005400073041000900127072002600136100001800162100002000180100001500200100001600215111008400231245016400315246014800479246006700627260004100694500011800735650001900853650000900872650001400881650002100895650001300916650001500929650002200944773011500966BR8501343BR-BrBNA20240918175550.0ta230509b bl.||||| |||| 00| 0 por d aBR-BrBNAbporcBiblioteca Nacional de Agricultura a(Pt) aF25b0150b3850bG5141 aMachado, M.O.1 aGomes, A. da S.1 aDias, A.D.1 aZonta, E.P.1 a13. Reuniao da Cultura do Arroz IrrigadocCamboriu, SC (Brazil)d26-28 Sep 19841 aAdubacao organica: tecnologia alternativa para aumentar a produtividade do arroz irrigado, no solo Pelotas [Oryza sativa, alfissolo, Rio Grande do Sul, Brasil]1 a[Manures: alternative technology for increasing the yield of irrigated rice in Pelotas soil [Oryza sativa, alfisol, Rio Grande do Sul, Brazil]]1 a[Proceedings of the 13. Meeting on Irrigated Rice Cultivation]3 aFlorianopolis, SC (Brasil): c1984.  aAnais da 13. Reuniao da Cultura do Arroz Irrigado Florianopolis, SC (Brasil): 1984. p. 219-225 (BR8501343-AM)F25  aARROZ IRRIGADO aSOLO aALFISSOLO aRESIDUO ORGANICO aADUBACAO aRENDIMENTO aRIO GRANDE DO SUL0 tAnais da 13. Reuniao da Cultura do Arroz IrrigadowF25 BR8501343gFlorianopolis, SC (Brasil), 1984. p. 219-225